000 00514nam a2200169 a 4500
001 000028982
005 20200930055245.0
008 110413s1977 dr 000 e spa d
040 _aDO-SdBNP
_bspa
_cBNPHU
082 _axxx
_bS232a, 1977
100 1 _aSantana, Julio César
_936086
245 1 0 _aAmemos nuestra patria :
_bensayo /
_cJulio César Santana.
250 _a2a ed. rev.
260 _aSan Pedro de Macorís, República Dominicana :
_bImp. Esfuerzo,
_c1977.
300 _a24 p. ;
_c21 cm.
049 _aBNPD
999 _c28474
_d28474